| 000 | 00455nam a22001697a 4500 | ||
|---|---|---|---|
| 003 | PILC | ||
| 005 | 20150112093439.0 | ||
| 008 | 130301t xxu||||| |||| 00| 0 eng d | ||
| 020 | _a0712119957 | ||
| 050 |
_aQA 276 _b.H293 1989 |
||
| 082 |
_aMSF 519.5 _bH23 1988 |
||
| 100 |
_aHarper, W.M. _917656 |
||
| 245 |
_aStatistics / _cW.M. Harper. |
||
| 260 |
_aEstover, Plymouth _bMacdonald and Evans _c1989. |
||
| 300 |
_a464 pages : _c18 cm. |
||
| 942 |
_2lcc _cBK |
||
| 999 |
_c14686 _d14686 |
||